000 00531nam a2200205Ia 4500
003 OSt
005 20230328151024.0
008 210423s2007 xx 000 0 und d
020 _a1412927471
040 _cAL
041 _aeng
082 _a302.35 REEJ
100 _aREED (Jan).
_979108
245 _aAppreciative inquiry: research for change.
260 _aNew Delhi
_bSage Publications
_c2007
300 _ax,219
_bPB
365 _b1629
_cINR
906 _aAppreciative ; change. ; inquiry: ; research
942 _2ddc
_cBK
999 _c156252
_d156252